01124ngm a2200325 4500003000400000005001700004007000400021008004000025010002000065024002200085035002000107040001300127082001500140245008100155260003000236300005000266440004000316500007700356500003100433538005600464538012500520650001900645700001700664700002000681700001900701700002300720700001800743700001800761700001900779dpl20090312113051.0DVD||||||sp199 xxu|||||c|||| 00| 0 eng d aDVD-001707-1709 aFOX 2053c299.00  aDVD-001707-1709 aDPLcDPL aDVD / BANG aThe Banger SisterscFox Searchlight Pictures Presentsh[videorecording] DVD/ b20th Century Fox Presents a2 videodisc VCD;bsd., col. ;c4 3/4 in.fVCD a20th Centyry Fox Home Entertainment aSole Distributor in India M/s. Excel Productions Autio Visuals Pvt. Ltd. aThis DVD is Copy Protected aDolby Digital 5.1-English Subtitles: English,Thai,  aAspect Ratio: 2.35:1, Presentation type: Wide Screen, Presentation Size 16x9 Format DVD 9 Dual Layer Single Sided Disc. aMotion Picture aHawn, Goldie aSarandon, Susan aRush, Geoffrey aChristensen, Erika aThomas, Robin aRabin, Trevor aCrowe, Maureen